Human natures : genes, cultures and the human prospect /
Evolution and us; Takes from the animal house; Our natures and theirs; Standing up for ourselves; Bare bones and a few stones; Evolving brains, evolving minds; From grooming to gossip?; Blood's a rover; The dominance of culture; From seeds to civilization; Gods, dive-bombers, and bureaucracy; L...
Bewaard in:
| Hoofdauteur: | |
|---|---|
| Formaat: | Boek |
| Taal: | English |
| Gepubliceerd in: |
Washington, D.C :
Island Press/Shearwater,
2000.
|
| Onderwerpen: | |
| Tags: |
Voeg label toe
Geen labels, Wees de eerste die dit record labelt!
|
| Thư viện lưu trữ: | Mạng thư viện Đại học Đà Nẵng |
|---|
| LEADER | 01701cam a22004091a 4500 | ||
|---|---|---|---|
| 001 | 000033582 | ||
| 003 | 9763 | ||
| 005 | 20210402075044.0 | ||
| 008 | 151016s2000 000 eng | ||
| 020 | |a 155963779X | ||
| 040 | |a lnn |c lnn |d lnn | ||
| 041 | 0 | |a eng | |
| 082 | 0 | 4 | |a 599.938 |b EH-P |
| 100 | 1 | |a Ehrlich, Paul R. | |
| 245 | 1 | 0 | |a Human natures : |b genes, cultures and the human prospect / |c Paul R. Ehrlich. |
| 260 | |a Washington, D.C : |b Island Press/Shearwater, |c 2000. | ||
| 300 | |a xii, 531 p. : |b ill. ; |c 24 cm. | ||
| 500 | |a Includes bibliographical references and index. | ||
| 520 | 3 | |a Evolution and us; Takes from the animal house; Our natures and theirs; Standing up for ourselves; Bare bones and a few stones; Evolving brains, evolving minds; From grooming to gossip?; Blood's a rover; The dominance of culture; From seeds to civilization; Gods, dive-bombers, and bureaucracy; Lessons from our natures; Evolution and human values. | |
| 630 | 0 | 4 | |a Human evolution. |
| 630 | 0 | 4 | |a Social evolution. |
| 630 | 0 | 4 | |a Human behavior. |
| 630 | 0 | 4 | |a Human beings. |
| 650 | 0 | 4 | |a Human evolution. |
| 650 | 0 | 4 | |a Social evolution. |
| 650 | 0 | 4 | |a Human evolution. |
| 650 | 0 | 4 | |a Human beings |x Animal nature. |
| OWN | |a LNN | ||
| 902 | |a TKA | ||
| AVA | |a UDN50 |b LNN |c English |d 599.938 EH-P |e available |t Error 5001 Not defined in file expand_doc_bib_avail. |f 1 |g 0 |h N |i 0 |j AN |k 1 | ||
| 999 | |a From the UDN01 | ||
| AVA | |a UDN50 |b LNN |c English |d 599.938 EH-P |e available |t Error 5001 Not defined in file expand_doc_bib_avail. |f 1 |g 0 |h N |i 0 |j AN |k 1 | ||
| TYP | |a Monograph | ||
| TYP | |a Printed language | ||
| 980 | |a Mạng thư viện Đại học Đà Nẵng | ||


